000 00321nam a2200133 i 4500
001 bg
100 1 _aJĘDRZYCKI, Wiesław
245 0 _aHumanizacja pracy i kierowania /
_cWiesław Jędrzycki.
260 _aWarszawa,
_c1978.
040 _cBPK
041 _apol
942 _cKS
008 s pl f |000 0 pol
999 _c9575
_d9575
856 _uhttp://koha.tu.koszalin.pl/cgi-bin/koha/opac-detail.pl?biblionumber=9575
_yKatalog online BPK